2011 ESP Code : International Code on the enhanced programme of inspections during surveys of bulk carriers and oil tankers, 2011 / (Record no. 73)

000 -LEADER
fixed length control field 00649nam a2200169Ia 4500
008 - FIXED-LENGTH DATA ELEMENTS--GENERAL INFORMATION
fixed length control field 190719s9999||||xx |||||||||||||| ||und||
020 ## - INTERNATIONAL STANDARD BOOK NUMBER
International Standard Book Number 9789280115529
Terms of availability £ 15.00
040 ## - CATALOGING SOURCE
Original cataloging agency IMU Kochi
082 04 - DEWEY DECIMAL CLASSIFICATION NUMBER
Classification number 623.8245
Item number In858
110 ## - MAIN ENTRY--CORPORATE NAME
Corporate name or jurisdiction name as entry element International Maritime Organization
245 #0 - TITLE STATEMENT
Title 2011 ESP Code : International Code on the enhanced programme of inspections during surveys of bulk carriers and oil tankers, 2011 /
250 ## - EDITION STATEMENT
Edition statement 3rd. Ed., 2013 ed.
260 ## - PUBLICATION, DISTRIBUTION, ETC.
Place of publication, distribution, etc. London :
Name of publisher, distributor, etc. International Maritime Organization ,
Date of publication, distribution, etc. 2013
300 ## - PHYSICAL DESCRIPTION
Extent vii, 294 p.
Dimensions ; 30 cm.
650 ## - SUBJECT ADDED ENTRY--TOPICAL TERM
Topical term or geographic name entry element Bulk carrier cargo ships
General subdivision Inspection
Form subdivision Handbooks, manuals, etc.
942 ## - ADDED ENTRY ELEMENTS (KOHA)
Source of classification or shelving scheme
Koha item type Books
Holdings
Withdrawn status Lost status Damaged status Not for loan Collection code Permanent Location Current Location Shelving location Date acquired Source of acquisition Cost, normal purchase price Total Checkouts Full call number Barcode Date last seen Date last checked out Price effective from Koha item type Public note
        IMO Collection IMU Kochi Library IMU Kochi Library Reference 2018-06-29 Sterling Book House 1348.94 2 623.8245 In858 BK005275 2019-07-24 2019-07-23 2019-07-19 Books Shelf-3, Row-3
        IMO Collection IMU Kochi Library IMU Kochi Library Reference 2018-06-29 Sterling Book House 1348.94 2 623.8245 In858 BK005276 2019-07-24 2019-07-23 2019-07-19 Books Shelf-3, Row-3
        IMO Collection IMU Kochi Library IMU Kochi Library Reference 2018-06-29 Sterling Book House 1348.94 2 623.8245 In858 BK005277 2019-07-24 2019-07-23 2019-07-19 Books Shelf-3, Row-3


Copyright © All Rights Reserved by Indian Maritime University, Kochi Campus.
For any Suggestions/Query Contact to library or Email: library.kochi@imu.ac.in Ph:(0484)-2989402
(Web OPAC Designed by Rudra Ranjan. Maintained by IMU Kochi Library)

Powered by Koha